Deep Rock Galactic - Resources - Statistics

General Stats
  • This quiz has been taken 100 times
  • The average score is 12 of 35
Answer Stats
Resource % Correct
Gold
90%
Nitra
88%
Morkite
84%
Enor Pearl
70%
Bismor
64%
Jadiz
64%
Magnite
64%
Croppa
56%
Umanite
54%
Bittergem
44%
Aquarq
36%
Boolo Cap
34%
Dystrum
34%
ERR
34%
Ebonut
32%
Gunk Seed
32%
Compressed Gold
28%
Apoca Bloom
26%
Malt Star
26%
Hollomite
24%
Morkite Seed
20%
Alien Egg
18%
Barley Bulb
18%
Plagueheart
18%
Plagueheart
18%
Core Stone
16%
Data Cell
16%
Phazyonite
16%
Starch Nut
16%
Data Rack
14%
Yeast Cone
14%
Alien Fossil
4%
Tyrant Shard
2%
Ommoran Heartstone Core
0%
Resource Bag
0%
No matching quizzes found
Score Distribution
Percent of People with Each Score
Percentile by Number Answered
Your Score History
You have not taken this quiz